<?xml version="1.0" encoding="UTF-8"?>
<record
    xmlns:xsi="http://www.w3.org/2001/XMLSchema-instance"
    xsi:schemaLocation="http://www.loc.gov/MARC21/slim http://www.loc.gov/standards/marcxml/schema/MARC21slim.xsd"
    xmlns="http://www.loc.gov/MARC21/slim">

  <leader>01074nam a2200289 i 4500</leader>
  <controlfield tag="001">184033</controlfield>
  <controlfield tag="003">ES-MaACL</controlfield>
  <controlfield tag="005">20231224062935.0</controlfield>
  <controlfield tag="008">150223s2014    sp           |||| |dspa d</controlfield>
  <datafield tag="020" ind1=" " ind2=" ">
    <subfield code="a">978-84-7035-102-0</subfield>
  </datafield>
  <datafield tag="080" ind1=" " ind2=" ">
    <subfield code="a">821.134.2-92"19"</subfield>
  </datafield>
  <datafield tag="100" ind1="1" ind2=" ">
    <subfield code="a">Baroja, P&#xED;o,</subfield>
    <subfield code="d">1872-1956</subfield>
    <subfield code="9">25752</subfield>
  </datafield>
  <datafield tag="245" ind1="1" ind2="0">
    <subfield code="a">Corresponsal&#xED;a de guerra y otros textos olvidados / </subfield>
    <subfield code="c">P&#xED;o Baroja ; recopilaci&#xF3;n, introducci&#xF3;n y notas de Miguel &#xC1;ngel Garc&#xED;a de Juan.</subfield>
  </datafield>
  <datafield tag="260" ind1=" " ind2=" ">
    <subfield code="a">Madrid : </subfield>
    <subfield code="b">Caro Raggio, </subfield>
    <subfield code="c">[2014]</subfield>
  </datafield>
  <datafield tag="300" ind1=" " ind2=" ">
    <subfield code="a">230 p. ; </subfield>
    <subfield code="c">21 cm.</subfield>
  </datafield>
  <datafield tag="490" ind1="1" ind2=" ">
    <subfield code="a">Itzea</subfield>
  </datafield>
  <datafield tag="505" ind1="8" ind2=" ">
    <subfield code="a">Contiene: Ap&#xE9;ndice ; </subfield>
    <subfield code="t">Tres art&#xED;culos de Ricardo Baroja a partir de su experiencia africana</subfield>
  </datafield>
  <datafield tag="600" ind1="0" ind2="4">
    <subfield code="a">Bu-Hamara.</subfield>
    <subfield code="9">156428</subfield>
  </datafield>
  <datafield tag="651" ind1=" " ind2="4">
    <subfield code="a">Marruecos-</subfield>
    <subfield code="x">Historia-</subfield>
    <subfield code="y">S.XX.</subfield>
    <subfield code="9">9031</subfield>
  </datafield>
  <datafield tag="700" ind1="1" ind2=" ">
    <subfield code="a">Baroja, Ricardo,</subfield>
    <subfield code="d">1871-1953</subfield>
    <subfield code="9">25759</subfield>
  </datafield>
  <datafield tag="700" ind1="1" ind2=" ">
    <subfield code="a">Garc&#xED;a de Juan, Miguel &#xC1;ngel.</subfield>
    <subfield code="9">54436</subfield>
  </datafield>
  <datafield tag="700" ind1="1" ind2=" ">
    <subfield code="a">Caro Baroja, Julio,</subfield>
    <subfield code="d">1914-1995</subfield>
    <subfield code="9">35403</subfield>
  </datafield>
  <datafield tag="830" ind1="0" ind2=" ">
    <subfield code="a">Itzea</subfield>
    <subfield code="9">225028</subfield>
  </datafield>
  <datafield tag="852" ind1=" " ind2=" ">
    <subfield code="a">ES-MaACL</subfield>
    <subfield code="j">A-13420</subfield>
    <subfield code="9">190999</subfield>
    <subfield code="b">R.150277</subfield>
    <subfield code="c">DEPO1</subfield>
    <subfield code="d">Olim: N-6420</subfield>
  </datafield>
  <datafield tag="942" ind1=" " ind2=" ">
    <subfield code="2">udc</subfield>
    <subfield code="c">MONOGRAFIA</subfield>
  </datafield>
  <datafield tag="999" ind1=" " ind2=" ">
    <subfield code="c">184033</subfield>
    <subfield code="d">184033</subfield>
  </datafield>
  <datafield tag="952" ind1=" " ind2=" ">
    <subfield code="0">0</subfield>
    <subfield code="1">0</subfield>
    <subfield code="2">udc</subfield>
    <subfield code="4">0</subfield>
    <subfield code="7">0</subfield>
    <subfield code="a">ATENEOM</subfield>
    <subfield code="b">ATENEOM</subfield>
    <subfield code="c">DEPO1</subfield>
    <subfield code="d">2015-02-23</subfield>
    <subfield code="e">DONACION</subfield>
    <subfield code="l">0</subfield>
    <subfield code="o">A-13420</subfield>
    <subfield code="p">1193520</subfield>
    <subfield code="r">2023-02-23 00:00:00</subfield>
    <subfield code="w">2023-02-23</subfield>
    <subfield code="y">MONOGRAFIA</subfield>
  </datafield>
</record>
